San Marino : Selected Issues and Statistical Appendix.

This Selected Issues paper for San Marino reviews developments in the financial sector and provides an update of the financial sector regulation and supervision. While Sammarinese financial institutions accept foreign deposits and managed funds to a much larger extent than comparators in neighboring...

Повний опис

Бібліографічні деталі
Співавтор: International Monetary Fund
Формат: Журнал
Мова:English
Опубліковано: Washington, D.C. : International Monetary Fund, 2004.
Серія:IMF Staff Country Reports; Country Report ; No. 2004/256
Онлайн доступ:Full text available on IMF
LEADER 01686cas a2200241 a 4500
001 AALejournalIMF008673
008 230101c9999 xx r poo 0 0eng d
020 |c 5.00 USD 
020 |z 9781451834833 
022 |a 1934-7685 
040 |a BD-DhAAL  |c BD-DhAAL 
110 2 |a International Monetary Fund. 
245 1 0 |a San Marino :   |b Selected Issues and Statistical Appendix. 
264 1 |a Washington, D.C. :  |b International Monetary Fund,  |c 2004. 
300 |a 1 online resource (53 pages) 
490 1 |a IMF Staff Country Reports 
500 |a <strong>Off-Campus Access:</strong> No User ID or Password Required 
500 |a <strong>On-Campus Access:</strong> No User ID or Password Required 
506 |a Electronic access restricted to authorized BRAC University faculty, staff and students 
520 3 |a This Selected Issues paper for San Marino reviews developments in the financial sector and provides an update of the financial sector regulation and supervision. While Sammarinese financial institutions accept foreign deposits and managed funds to a much larger extent than comparators in neighboring regions, there are no mutual funds or international bonds issued under San Marino law unlike the common practice in several international financial centers. There is considerable room to increase the flexibility and innovation needed to remain internationally competitive while maintaining the strengths and soundness of the financial system. 
538 |a Mode of access: Internet 
830 0 |a IMF Staff Country Reports; Country Report ;  |v No. 2004/256 
856 4 0 |z Full text available on IMF  |u http://elibrary.imf.org/view/journals/002/2004/256/002.2004.issue-256-en.xml  |z IMF e-Library